书目信息 |
| 题名: |
都市文化与新金融文明
|
|
| 作者: | 俞钢 , 张茆训 主编 | |
| 分册: | ||
| 出版信息: | 上海 上海三联书店 2017 |
|
| 页数: | 364页 | |
| 开本: | 21cm | |
| 丛书名: | ||
| 单 册: | ||
| 中图分类: | C912.81 | |
| 科图分类: | ||
| 主题词: | 城市文化--cheng shi wen hua--文集 | |
| 电子资源: | ||
| ISBN: | 978-7-5426-5888-3 | |
| 000 | 00904nam0 2200253 45 | |
| 001 | 012001003454 | |
| 005 | 20180926152731.68 | |
| 010 | @a978-7-5426-5888-3@dCNY50.00 | |
| 100 | @a20170825d2017 em y0chiy50 ea | |
| 101 | 0 | @achi |
| 102 | @aCN@b310000 | |
| 105 | @aak a 000yy | |
| 106 | @ar | |
| 200 | 1 | @a都市文化与新金融文明@9dou shi wen hua yu xin jin rong wen ming@f俞钢, 茆训诚主编 |
| 210 | @a上海@c上海三联书店@d2017 | |
| 215 | @a364页@c图@d21cm | |
| 320 | @a有书目 | |
| 330 | @a本书内容:唐墓桥露德圣母堂:从教堂到公共文化空间的转型探索、企业社会价值、大股东债务融资选择与僵尸化成因、广义嵌套空间模型变量选择研究——以城市对外资银行吸引力的影响因素分析为例等。 | |
| 606 | 0 | @a城市文化@9cheng shi wen hua@j文集 |
| 690 | @aC912.81@v5 | |
| 701 | 0 | @a俞钢@9yu gang@4主编 |
| 701 | 0 | @a张茆训@9zhang mao xun@4主编 |
| 801 | 0 | @aCN@b上海新华@c20180901 |
| 905 | @b1159615-9@dC912.81@e1492@f5 | |
| 都市文化与新金融文明/俞钢, 茆训诚主编.-上海:上海三联书店,2017 |
| 364页:图;21cm |
| ISBN 978-7-5426-5888-3:CNY50.00 |
| 本书内容:唐墓桥露德圣母堂:从教堂到公共文化空间的转型探索、企业社会价值、大股东债务融资选择与僵尸化成因、广义嵌套空间模型变量选择研究——以城市对外资银行吸引力的影响因素分析为例等。 |
| ● |
| 相关链接 |
|
|
|
|
正题名:都市文化与新金融文明
索取号:C912.81/1492
 
预约/预借
| 序号 | 登录号 | 条形码 | 馆藏地/架位号 | 状态 | 备注 |
| 1 | 1159615 | 211596156 | 第一样本阅览室/ [索取号:C912.81/1492] | 在馆 | |
| 2 | 1159616 | 211596165 | 第一借阅区/ [索取号:C912.81/1492] | 在馆 | |
| 3 | 1159617 | 211596174 | 第一借阅区/ [索取号:C912.81/1492] | 在馆 | |
| 4 | 1159618 | 211596183 | 第一借阅区/ [索取号:C912.81/1492] | 在馆 | |
| 5 | 1159619 | 211596192 | 第一借阅区/ [索取号:C912.81/1492] | 在馆 |